000 00590nam a22002417a 4500
003 UA-OsUOA
001 34858
007 ta
008 20051024b un ||||| |||| 00| 0 ukr d
100 _aЛукашевич Н.П.
090 _a159.944(075.8)
_bЛ84
942 _cBK
040 _aUA-OsUOA
_brus
_cUA-OsUOA
_dUA-OsUOA
245 _aПсихология труда
300 _a112 с.
955 _a2
041 _arus
080 _a159.944(075.8)
020 _a966-608-455-4
260 _aК.
_bМАУП
_c2004
650 7 _a159.9 Психологія
_2UDC
999 _c321292
_d321292